Economic development and planning / (Record no. 70264)

MARC details
000 -LEADER
fixed length control field 00961nam a22002537a 4500
005 - DATE AND TIME OF LATEST TRANSACTION
control field 20120925112650.0
008 - FIXED-LENGTH DATA ELEMENTS--GENERAL INFORMATION
fixed length control field 120925t xxu||||| |||| 00| 0 eng d
010 ## - LCCN (DPL NO)
LC control number ENG-105960
020 ## - INTERNATIONAL STANDARD BOOK NUMBER
Terms of availability 825.00
International Standard Book Number 9789380833699
035 ## - SYSTEM CONTROL NUMBER
System control number EN-89493
037 ## - SOURCE OF ACQUISITION
Source of stock number/acquisition DBAD/PUB
040 ## - CATALOGING SOURCE
Original cataloging agency DPL
Language of cataloging English
082 ## - DEWEY DECIMAL CLASSIFICATION NUMBER
Classification number 338.9
100 ## - MAIN ENTRY--PERSONAL NAME
9 (RLIN) 49115
245 ## - TITLE STATEMENT
Title Economic development and planning /
Statement of responsibility, etc edited by R.K. Gupta [and] A.K. Sharma
260 ## - PUBLICATION, DISTRIBUTION, ETC. (IMPRINT)
Place of publication, distribution, etc New Delhi
Name of publisher, distributor, etc Global Publications
Date of publication, distribution, etc 2012
270 ## - ADDRESS
City New Delhi
Address 4378/4B,G-4 JMD House, Murari Lal Street, Ansari Road, Daryaganj
Postal code 110002
Electronic mail address globalpublications4u@gmail.com
300 ## - PHYSICAL DESCRIPTION
Extent vi,272p.
Dimensions 23cm(Hb)
500 ## - GENERAL NOTE
General note Includes index
700 ## - ADDED ENTRY--PERSONAL NAME
Personal name Gupta, R.K.
9 (RLIN) 52597
700 ## - ADDED ENTRY--PERSONAL NAME
Personal name Sharma, A.K.
9 (RLIN) 52598
942 ## - ADDED ENTRY ELEMENTS (KOHA)
Source of classification or shelving scheme Dewey Decimal Classification
Item type English Books
Call number suffix ECO
Classification part 338.9
Holdings
Withdrawn status Lost status Source of classification or shelving scheme Damaged status Not for loan Collection code Home library Current library Date acquired Source of acquisition Cost, normal purchase price Total Checkouts Full call number Barcode Date last seen Copy number Cost, replacement price Koha item type
    Dewey Decimal Classification   Not For Loan Non-fiction D.B.Act.Division D.B.Act.Division 25/09/2012 DBAD / PUB 825.00   338.9 ECO EN-89493 25/09/2012 1 825.00 English Books

© Delhi Public Library
Hit Counter
free hit counter